[Event "Prague Vysehrad-A"]
[Site "Prague"]
[Date "1990.??.??"]
[Round "8"]
[White "Pergericht, Daniel"]
[Black "Mueller, Karsten"]
[Result "1/2-1/2"]
[WhiteElo "2280"]
[BlackElo "2380"]
[PlyCount "23"]
[EventDate "1990.??.??"]
[EventType "tourn"]
[EventRounds "11"]
[EventCountry "CSR"]
[EventCategory "2"]
[SourceTitle "EXT 1997"]
[Source "ChessBase"]
[SourceDate "1996.11.15"]
[SourceVersion "1"]
[SourceVersionDate "1996.11.15"]
[SourceQuality "1"]

1. d4 d5 2. c4 c6 3. Nf3 Nf6 4. Nc3 e6 5. Bg5 dxc4 6. e4 b5 7. e5 h6 8. Bh4 g5 9. Nxg5 hxg5 10. Bxg5 Nbd7 11. g3 Rg8 12. h4 1/2-1/2

[Event "Prague Vysehrad-A"]
[Site "Prague"]
[Date "1990.??.??"]
[Round "4"]
[White "Pergericht, Daniel"]
[Black "Szymczak, Zbigniew"]
[Result "1/2-1/2"]
[WhiteElo "2280"]
[BlackElo "2345"]
[PlyCount "22"]
[EventDate "1990.??.??"]
[EventType "tourn"]
[EventRounds "11"]
[EventCountry "CSR"]
[EventCategory "2"]
[SourceTitle "EXT 1997"]
[Source "ChessBase"]
[SourceDate "1996.11.15"]
[SourceVersion "1"]
[SourceVersionDate "1996.11.15"]
[SourceQuality "1"]

1. e4 e5 2. Nf3 Nc6 3. Bb5 a6 4. Ba4 Nf6 5. 0-0 Be7 6. Re1 b5 7. Bb3 d6 8. c3 0-0 9. d4 Re8 10. Ng5 Rf8 11. Nf3 Re8 1/2-1/2

[Event "Lugano op"]
[Site "Lugano"]
[Date "1989.03.11"]
[Round "9"]
[White "Pergericht, Daniel"]
[Black "Vancini, Edoardo"]
[Result "1/2-1/2"]
[WhiteElo "2355"]
[BlackElo "2245"]
[PlyCount "128"]
[EventDate "1989.03.03"]
[EventType "swiss"]
[EventRounds "9"]
[EventCountry "SUI"]
[SourceTitle "TD"]
[Source "ChessBase"]
[SourceDate "1994.03.01"]
[SourceVersion "1"]
[SourceVersionDate "1994.03.01"]
[SourceQuality "1"]

1. d4 Nf6 2. c4 c5 3. d5 e6 4. Nc3 exd5 5. cxd5 d6 6. Nf3 g6 7. g3 Bg7 8. Bg2 0-0 9. 0-0 a6 10. a4 Nbd7 11. e4 Re8 12. Re1 Ng4 13. Nd2 Nde5 14. h3 Nh6 15. Qc2 f5 16. f4 Nef7 17. Nc4 fxe4 18. Nxe4 Nf5 19. Bd2 Nd4 20. Qd1 b6 21. a5 b5 22. Nb6 Ra7 23. Nxc8 Qxc8 24. b4 Nf5 25. Rc1 Rc7 26. Kh2 Rd8 27. g4 Nh4 28. Bh1 cxb4 29. Rxc7 Qxc7 30. Bxb4 Qc4 31. Qd2 g5 32. Rc1 Qb3 33. Bc3 gxf4 34. Bxg7 Kxg7 35. Rc3 Qb4 36. Qxf4 Qd4 37. Rc7 Rf8 38. Qxd6 b4 39. g5 Qb2+ 40. Kg1 Qd4+ 41. Nf2 Nf5 42. Qf6+ Qxf6 43. gxf6+ Kxf6 44. Ne4+ Ke5 45. Nc5 Rg8+ 46. Kf2 N7d6 47. Nd3+ Kf6 48. Rc6 Rb8 49. Be4 b3 50. Bxf5 Kxf5 51. Rxd6 b2 52. Nxb2 Rxb2+ 53. Kg3 Rb5 54. Rxa6 Rxd5 55. Kh4 Kf4 56. Ra8 Kf5 57. a6 Rd7 58. Rb8 Rd4+ 59. Kh5 Ra4 60. Ra8 Kf6 61. Ra7 Ra5+ 62. Kh6 Ra4 63. Kh5 Ra5+ 64. Kh6 Ra4 1/2-1/2

[Event "Lugano op"]
[Site "Lugano"]
[Date "1989.03.05"]
[Round "3"]
[White "Pergericht, Daniel"]
[Black "Heidl, Guenther"]
[Result "1-0"]
[WhiteElo "2355"]
[BlackElo "2220"]
[PlyCount "91"]
[EventDate "1989.03.03"]
[EventType "swiss"]
[EventRounds "9"]
[EventCountry "SUI"]
[SourceTitle "TD"]
[Source "ChessBase"]
[SourceDate "1994.03.01"]
[SourceVersion "1"]
[SourceVersionDate "1994.03.01"]
[SourceQuality "1"]

1. d4 Nf6 2. c4 g6 3. Nc3 d5 4. Nf3 Bg7 5. e3 0-0 6. Be2 c5 7. 0-0 cxd4 8. exd4 Nc6 9. h3 Bf5 10. Be3 dxc4 11. Bxc4 Rc8 12. Be2 Ne4 13. Rc1 Qa5 14. Qb3 e5 15. Nxe4 Bxe4 16. Rc5 Qd8 17. dxe5 b6 18. Rb5 Na5 19. Qd1 Qe8 20. Rb4 Bb7 21. Re1 Qe6 22. a3 Rfd8 23. Qb1 Nc6 24. Bc4 Qf5 25. Qxf5 gxf5 26. Ra4 Na5 27. Bg5 Re8 28. Bb5 Bc6 29. Bxc6 Rxc6 30. Nd4 Rc4 31. Rxc4 Nxc4 32. Nxf5 Rxe5 33. Rd1 f6 34. Rd8+ Kf7 35. Rd7+ Ke6 36. Rxg7 Kxf5 37. g4+ Ke6 38. f4 Re1+ 39. Kf2 Rb1 40. f5+ Ke5 41. Re7+ Kd6 42. Re6+ Kd5 43. Bxf6 a5 44. Re2 b5 45. g5 Nd6 46. g6 1-0

[Event "EU-chT (Men) 09th"]
[Site "Haifa"]
[Date "1989.??.??"]
[Round "6.5"]
[White "Bischoff, Klaus"]
[Black "Pergericht, Daniel"]
[Result "1-0"]
[WhiteElo "2530"]
[BlackElo "2325"]
[PlyCount "35"]
[EventDate "1989.11.23"]
[EventType "team-swiss"]
[EventRounds "9"]
[EventCountry "ISR"]
[SourceTitle "EU-chT"]
[Source "ChessBase"]
[SourceDate "1999.07.01"]
[SourceVersion "2"]
[SourceVersionDate "1999.07.01"]
[SourceQuality "1"]
[WhiteTeam "German Fed Rep"]
[BlackTeam "Belgium"]
[WhiteTeamCountry "GER"]
[BlackTeamCountry "BEL"]

1. Nf3 d5 2. c4 c6 3. e3 g6 4. Nc3 Bg7 5. d4 Nh6 6. Be2 0-0 7. 0-0 Nf5 8. b4 dxc4 9. Bxc4 a5 10. b5 c5 11. Ba3 cxd4 12. exd4 Nxd4 13. Nxd4 Qxd4 14. Qxd4 Bxd4 15. Rac1 Be6 16. Nd5 Nd7 17. Nxe7+ Kh8 18. Rfd1 1-0

[Event "EU-chT (Men) 09th"]
[Site "Haifa"]
[Date "1989.??.??"]
[Round "1.5"]
[White "Georgiev, Krum"]
[Black "Pergericht, Daniel"]
[Result "1-0"]
[WhiteElo "2480"]
[BlackElo "2325"]
[PlyCount "74"]
[EventDate "1989.11.23"]
[EventType "team-swiss"]
[EventRounds "9"]
[EventCountry "ISR"]
[SourceTitle "EU-chT"]
[Source "ChessBase"]
[SourceDate "1999.07.01"]
[SourceVersion "2"]
[SourceVersionDate "1999.07.01"]
[SourceQuality "1"]
[WhiteTeam "Bulgaria"]
[BlackTeam "Belgium"]
[WhiteTeamCountry "BUL"]
[BlackTeamCountry "BEL"]

1. e4 e5 2. Nf3 Nf6 3. Nxe5 d6 4. Nf3 Qe7 5. Qe2 Nxe4 6. d3 Nf6 7. Bg5 Qxe2+ 8. Bxe2 Be7 9. Nc3 c6 10. 0-0-0 Na6 11. Rhe1 Nc7 12. Ne4 Nxe4 13. dxe4 Ne6 14. Be3 b6 15. Nd2 Bb7 16. f4 0-0 17. Bf3 Rfe8 18. g3 Rad8 19. h4 Bf8 20. Bh1 Nc7 21. f5 Na6 22. Bf4 Nc5 23. Nb3 Nxb3+ 24. axb3 c5 25. g4 Bc6 26. Re3 a5 27. Bf3 Rd7 28. g5 Rdd8 29. h5 Rd7 30. e5 d5 31. c4 Red8 32. Red3 Bb7 33. cxd5 c4 34. bxc4 Rc8 35. b3 a4 36. e6 Rdd8 37. Kb2 axb3 1-0